Statistics for Locations by Letter - M

Click here to take the quiz!

General Stats

  • This quiz has been taken 43,789 times
    (28,882 since last reset)
  • The average score is 12 of 20

Answer Stats

DescriptionLocation% Correct
The Red PlanetMars
96%
Our galaxyMilky Way
96%
Smallest planet in the Solar SystemMercury
94%
Central borough of NYCManhattan
88%
Genghis's countryMongolia
88%
City where Bollywood films are madeMumbai
82%
МоскваMoscow
75%
Homer Simpson's favorite bar{Moe}'{s} Tavern
66%
Famous city of the IncasMachu Picchu
55%
Seaside city where Mel Gibson and
other stars have homes
Malibu
54%
One does not simply walk into
this land of Sauron
Mordor
52%
Where Superman livesMetropolis
51%
City of "Neighbours"Melbourne
47%
Land ruled by Princess Peach
(and sometimes Bowser)
{Mushroom}
Kingdom
45%
The northeast part of ChinaManchuria
43%
Site of the 1976 Summer OlympicsMontreal
39%
Where Jimmy Buffet searched for his
lost shaker of salt
Margaritaville
31%
Thomas Jefferson's estateMonticello
30%
Spaceport where Han shot Greedo;
"a wretched hive of scum and villainy"
Mos Eisley
24%
"Andy Griffith Show" cityMayberry
22%

Score Distribution

Percentile by Number Answered

Percent of People with Each Score

Your Score History

You have not taken this quiz since the last reset